Como hacer facilmente material didáctico

Salvato in:
Dettagli Bibliografici
Autori principali: Wagner, Betty Jane (Autore), Stunard, E. Arthur (Autore)
Natura: Libro
Lingua:spagnolo
Pubblicazione: Barcelona Ceac 1994
Edizione:4a. ed
Serie:Colección Educación y Enseñanza
Soggetti:
Tags: Aggiungi Tag
Nessun Tag, puoi essere il primo ad aggiungerne!!

MARC

LEADER 00000nam a2200000 a 4500
001 UCU1792
003 CL-VaPUC
008 960412e19940000SP |||||||||||||||||spa|d
082 0 4 |a 371.335  |b WAG  |2 21 
100 0 |a Wagner, Betty Jane  |e author  |9 357589 
700 0 |a Stunard, E. Arthur  |e author  |9 357590 
245 1 0 |a Como hacer facilmente material didáctico 
250 |a 4a. ed 
300 |a 100 p 
942 |c BK 
945 |d 19960412 00:00:00  |a rleighto 
260 |a Barcelona  |b Ceac  |c 1994 
650 7 |a MATERIAL DIDACTICO  |2 CL-VaPUC  |9 357591 
650 0 |a Métodos de enseñanza  |9 270413 
650 0 |a Medios audiovisuales  |9 269063 
583 |a last modification  |c 19960412 00:00:00  |k Rodrigo Vera 
490 0 |a Colección Educación y Enseñanza 
999 |c 246302  |d 246300 
952 |0 0  |1 0  |4 0  |6 371_335000000000000_WAG_1994  |7 0  |8 A  |9 261157  |a BIBEDU  |b BIBEDU  |d 2019-11-19  |i 3192164  |o 371.335 WAG 1994  |p 3192164  |r 2019-11-19  |w 2019-11-19  |y BK  |k EPE